National green tribunal act 2010 with rules (Record no. 396348)

MARC details
000 -LEADER
fixed length control field 00488 a2200181 4500
005 - DATE & TIME
control field 20260313122922.0
008 - FIXED-LENGTH DATA ELEMENTS--GENERAL INFORMATION
fixed length control field 260313b |||||||| |||| 00| 0 eng d
020 ## - ISBN
International Standard Book Number 9789371266932
Price Rs. 125.00
040 ## - CATALOGING SOURCE
Original cataloging agency VIVEKANANDA LIBRARY
082 ## - DDC NUMBER
Classification number 344.54046
Book Number T199N
100 ## - MAIN ENTRY--PERSONAL NAME
Personal name Taxmann Bare Act
245 ## - TITLE STATEMENT
Title National green tribunal act 2010 with rules
260 ## - PUBLICATION, DISTRIBUTION, ETC. (IMPRINT)
Name of publisher, distributor, etc Taxmann Publications
Date of publication, distribution, etc 2025
Place of publication, distribution, etc New Delhi
300 ## - PHYSICAL DESCRIPTION
Pages v.
650 ## - Subject
Subject Law
650 ## - Subject
Subject Environmental Protection Law
942 ## - ADDED ENTRY ELEMENTS (KOHA)
Koha item type Books
Holdings
Withdrawn status Lost status Source of classification or shelving scheme Damaged status Not for loan Location (home branch) Sublocation or collection (holding branch) Shelving location Date acquired Koha issues (times borrowed) Koha full call number Accession No. Koha date last seen Koha item type
    Dewey Decimal Classification     VIVEKANANDA LIBRARY VIVEKANANDA LIBRARY Law Library 23/02/2026   344.54046 T199N 378055 23/02/2026 Books
    Dewey Decimal Classification     VIVEKANANDA LIBRARY VIVEKANANDA LIBRARY Law Library 23/02/2026   344.54046 T199N 378056 23/02/2026 Books
    Dewey Decimal Classification     VIVEKANANDA LIBRARY VIVEKANANDA LIBRARY Law Library 23/02/2026   344.54046 T199N 378058 23/02/2026 Books
    Dewey Decimal Classification     VIVEKANANDA LIBRARY VIVEKANANDA LIBRARY Law Library 23/02/2026   344.54046 T199N 378057 23/02/2026 Books
    Dewey Decimal Classification     VIVEKANANDA LIBRARY VIVEKANANDA LIBRARY Law Library 23/02/2026   344.54046 T199N 378059 23/02/2026 Books
© Designed and Maintained by Vivekananda Library, MDU Rohtak